000 00619nam a2200229Ia 4500
003 OSt
005 20221006164002.0
006 a|||||r|||| 00| 0
007 ta
008 221006b |||||||| |||| 00| 0 eng d
024 _a3,034
037 _cTextual
040 _aFML
_cFML
_beng
041 _2eng
_aeng
082 _aN44 ' J, 122K1
100 _aShivaramamurti C Au.
_9676379
245 0 _aLe Stupa Du Barabudur
260 _aFrance
_bPresse's Versitaires De France
_c1961
300 _a86
_ccm.
942 _hN44 ' J, 122K1
_cTEXL
_2CC
999 _c1115911
_d1115911